00721nam a22002177a 450000500170000001000280001702000260004502000260007103500300009703700170012703700150014408200110015910000220017024501010019225000110029326000350030427000600033930000290039950000510042870000240047920180801145702.0 aB-68224-229 ENG-123659 a9788126557615c869.00 a9788126557615c849.00 aB-68224-229 EN-107191 bPragatiadpl b DBAD/PUB. a005.55 aElliott, Alan C.  aSAS essentials :cby Alan C. Elliott, Wayne A. Woodward bby mastering SAS for data analytics /  a2nd ed aNew Delhi bWiley India c2016 a4435-36/7, Ansari Road, Daryaganj, bNew Delhi e110002v ax,518p.c25cm(pbk)bill. aIncludes bibliographical references and index  aWoodward, Wayne A.